00297nam a2200109Ia 4500008004100000245005200041260004900093260000900142300001000151500001000161650001600171170224s9999 xx 000 0 und d aSelf-regulating the effortful “social dos”. bJournal of Personality and Social Psychology c2014 a106:3 aMarch xPsychology.